000 00834nam a22002651 4500
001 3110943
003 ARRUPE
005 20160810114428.0
008 850906s1956 enka 000 0 eng
010 _a 56046416
040 _aDLC/ICU
_cICU
_dDLC
043 _as-gy---
050 0 0 _aQL246
_b.A5 1958
082 0 0 _a591.9881*
100 1 _aAttenborough, David,
_d1926-
_924714
245 1 0 _aZoo quest to Guiana.
_c/ David Attenborough
260 _aLondon,
_bLutterworth Press
_c1958
300 _a207p.;
_c23 cm.
650 0 _aZoology
_zBritish Guinea
_924715
650 0 _aZooligical specimens
_xcollection and preservation
_924716
650 0 _aBritish Guinea
_xdescription and travel
_924717
650 0 _aAnimals habita and behavior
_924718
906 _a7
_bcbc
_corignew
_du
_eocip
_f19
_gy-gencatlg
942 _2lcc
_cMONOGRAPH
999 _c124888
_d124888